[Event "Vlissingen HZ op 20th"]
[Site "Vlissingen"]
[Date "2016.08.13"]
[Round "9"]
[White "Muehlenhaus, Sven"]
[Black "Krause, Thomas"]
[Result "1/2-1/2"]
[WhiteElo "2262"]
[BlackElo "2157"]
[PlyCount "85"]
[EventDate "2016.08.06"]
[EventType "swiss"]
[EventRounds "9"]
[EventCountry "NED"]
[SourceTitle "CBM 173 Extra"]
[Source "ChessBase"]
[SourceDate "2016.08.29"]
[SourceVersion "1"]
[SourceVersionDate "2016.08.29"]
[SourceQuality "1"]

1. d4 Nf6 2. c4 g6 3. Nc3 Bg7 4. e4 d6 5. Be2 0-0 6. Nf3 e5 7. 0-0 exd4 8. Nxd4 Re8 9. f3 c6 10. Re1 Qa5 11. Be3 Nbd7 12. Nb3 Qc7 13. Rc1 Ne5 14. Qd2 Be6 15. Nd5 Nxd5 16. cxd5 Bc8 17. dxc6 bxc6 18. Nd4 Qb7 19. b3 a6 20. Bf1 Kh8 21. b4 Be6 22. Nxe6 Rxe6 23. Bd4 a5 24. bxa5 c5 25. Bc3 g5 26. Bc4 Nxc4 27. Bxg7+ Kxg7 28. Rxc4 Qb5 29. Qc3+ Kg8 30. a4 Qxa5 31. Qxa5 Rxa5 32. Rd1 Kf8 33. Rd5 f6 34. Kf2 Ke7 35. Kg3 h5 36. h4 Re5 37. hxg5 fxg5 38. Rd2 Re6 39. Rb2 Kf6 40. Rb8 Re7 41. Rh8 Kg6 42. Rd8 Re6 43. e5 1/2-1/2

[Event "Vlissingen HZ op 20th"]
[Site "Vlissingen"]
[Date "2016.08.11"]
[Round "7"]
[White "Van de Wynkele, Eric"]
[Black "Krause, Thomas"]
[Result "1/2-1/2"]
[WhiteElo "2018"]
[BlackElo "2157"]
[PlyCount "110"]
[EventDate "2016.08.06"]
[EventType "swiss"]
[EventRounds "9"]
[EventCountry "NED"]
[SourceTitle "CBM 173 Extra"]
[Source "ChessBase"]
[SourceDate "2016.08.29"]
[SourceVersion "1"]
[SourceVersionDate "2016.08.29"]
[SourceQuality "1"]

1. e4 d6 2. d4 Nf6 3. Nc3 Nbd7 4. h3 e5 5. Be3 c6 6. a4 Be7 7. Nge2 Qc7 8. Ng3 g6 9. Be2 h5 10. Bf3 h4 11. Nge2 Nh7 12. Bg4 Bg5 13. Qd2 Bxe3 14. Qxe3 Nhf6 15. Bxd7+ Qxd7 16. 0-0-0 Qe7 17. f4 exf4 18. Nxf4 Nh5 19. Nd3 0-0 20. Rhe1 b6 21. d5 c5 22. e5 Bf5 23. Nb5 Bxd3 24. Rxd3 Qxe5 25. Qxe5 dxe5 26. Rxe5 Nf4 27. Rf3 f6 28. Re4 Nxd5 29. Rxh4 a6 30. Nc3 Rad8 31. Ne4 Kg7 32. Nd2 Rfe8 33. Re4 f5 34. Rxe8 Rxe8 35. Nc4 Re6 36. Kd2 Kf6 37. h4 Re4 38. Ne3 Nxe3 39. Rxe3 Rxh4 40. Rb3 Rb4 41. Rxb4 cxb4 42. Kd3 Ke5 43. Kc4 f4 44. Kxb4 g5 45. a5 b5 46. c4 bxc4 47. Kxc4 Ke4 48. b4 g4 49. b5 axb5+ 50. Kc5 f3 51. gxf3+ gxf3 52. a6 f2 53. a7 f1Q 54. a8Q+ Ke3 55. Qe8+ Kd2 1/2-1/2

[Event "Vlissingen HZ op 20th"]
[Site "Vlissingen"]
[Date "2016.08.08"]
[Round "4"]
[White "Admiraal, Miguoel"]
[Black "Krause, Thomas"]
[Result "1-0"]
[WhiteElo "2458"]
[BlackElo "2157"]
[PlyCount "85"]
[EventDate "2016.08.06"]
[EventType "swiss"]
[EventRounds "9"]
[EventCountry "NED"]
[SourceTitle "CBM 173 Extra"]
[Source "ChessBase"]
[SourceDate "2016.08.29"]
[SourceVersion "1"]
[SourceVersionDate "2016.08.29"]
[SourceQuality "1"]

1. d4 d6 2. e4 Nf6 3. Nc3 Nbd7 4. Nf3 e5 5. Bc4 Be7 6. 0-0 c6 7. a4 Qc7 8. Re1 h6 9. h3 Nf8 10. dxe5 dxe5 11. Nh4 g6 12. Be3 N6h7 13. Nf3 Nf6 14. Qd3 Ne6 15. Ne2 Nc5 16. Bxf7+ Kxf7 17. Bxc5 Bxc5 18. Qc4+ Be6 19. Qxc5 Nxe4 20. Qxe5 Qxe5 21. Nxe5+ Kf6 22. Nxg6 Rhg8 23. Ngf4 Bf7 24. Nd4 Nc5 25. b4 Nd7 26. Nf3 Nb6 27. Ne5 a5 28. bxa5 Rxa5 29. Nxf7 Kxf7 30. Rab1 Rxa4 31. Nd3 Nd5 32. c4 Nc3 33. Rxb7+ Kf6 34. Rb3 Rxc4 35. Ne5 Re4 36. Rxe4 Nxe4 37. Nxc6 Rc8 38. Rb6 Kg7 39. Nd4 Rc1+ 40. Kh2 Nxf2 41. Nf5+ Kf8 42. Rf6+ Ke8 43. Ng7+ 1-0

[Event "Bergisch Gladbach-ch"]
[Site "Bergisch Gladbach"]
[Date "2009.10.09"]
[Round "6"]
[White "Krause, Thomas"]
[Black "Wieferig, Wolfgang"]
[Result "1/2-1/2"]
[WhiteElo "2121"]
[BlackElo "2225"]
[PlyCount "60"]
[EventDate "2009.09.04"]
[EventType "swiss"]
[EventRounds "7"]
[EventCountry "GER"]
[SourceTitle "EXT 2011"]
[Source "ChessBase"]
[SourceDate "2010.11.26"]
[SourceVersion "1"]
[SourceVersionDate "2010.11.26"]
[SourceQuality "1"]

1. Nf3 d5 2. d4 e6 3. c4 c5 4. cxd5 exd5 5. Nc3 Nc6 6. g3 cxd4 7. Nxd4 Bc5 8. Be3 Bb6 9. Bg2 Nf6 10. 0-0 0-0 11. Rc1 Re8 12. h3 h5 13. Nxc6 bxc6 14. Bg5 Qd6 15. e3 Ba6 16. Re1 Qe5 17. Bf4 Qf5 18. Qa4 Bb7 19. Qc2 Qxc2 20. Rxc2 d4 21. Na4 dxe3 22. Bxe3 Nd5 23. Nxb6 axb6 24. a3 h4 25. Bxd5 cxd5 26. Rc7 Bc8 27. g4 d4 28. Bd2 Rxe1+ 29. Bxe1 Ba6 30. Rd7 Rc8 1/2-1/2

[Event "Bergisch Gladbach-ch"]
[Site "Bergisch Gladbach"]
[Date "2009.09.11"]
[Round "2"]
[White "Gessinger, Winfried"]
[Black "Krause, Thomas"]
[Result "0-1"]
[WhiteElo "1888"]
[BlackElo "2121"]
[PlyCount "154"]
[EventDate "2009.09.04"]
[EventType "swiss"]
[EventRounds "7"]
[EventCountry "GER"]
[SourceTitle "EXT 2011"]
[Source "ChessBase"]
[SourceDate "2010.11.26"]
[SourceVersion "1"]
[SourceVersionDate "2010.11.26"]
[SourceQuality "1"]

1. Nf3 Nf6 2. c4 b6 3. g3 Bb7 4. Bg2 e6 5. Nc3 Be7 6. d3 d6 7. 0-0 0-0 8. e4 e5 9. Nd5 Nbd7 10. Nxe7+ Qxe7 11. Nh4 Ne8 12. Nf5 Qd8 13. h4 Kh8 14. Bg5 f6 15. Bd2 a5 16. h5 Nc5 17. Qe2 Qd7 18. Kh2 d5 19. cxd5 Bxd5 20. b4 axb4 21. Bxb4 Be6 22. Rfc1 Qb5 23. Bxc5 bxc5 24. Rab1 Qa5 25. Ne7 Rf7 26. Nd5 Qxa2 27. Qxa2 Rxa2 28. Rb8 Rf8 29. Nxc7 Bf7 30. Rxc5 Kg8 31. Nxe8 Rxe8 32. Rcc8 Kf8 33. h6 gxh6 34. Kg1 Rxc8 35. Rxc8+ Kg7 36. Rc7 Ra6 37. Rd7 Kf8 38. Bh3 Ke8 39. Kf1 Ra2 40. Rd6 Ke7 41. Rd7+ Ke8 42. Rb7 Rd2 43. Bd7+ Kf8 44. Bb5 Bh5 45. Kg2 Bg6 46. Bc4 h5 47. Kf3 Rd1 48. Rb6 Kg7 49. Ke2 Rc1 50. Be6 Rg1 51. f4 Rxg3 52. f5 h4 53. fxg6 hxg6 54. Rb1 Kh6 55. Rh1 Kh5 56. Rh3 Rg2+ 57. Kf3 Rd2 58. Ke3 Rc2 59. Kf3 Rc1 60. Rh2 Rd1 61. Ke2 Rg1 62. Rh3 Rc1 63. Kf3 Rc6 64. Bf7 Rd6 65. Bc4 Rd7 66. Ke3 g5 67. Be6 Re7 68. Bb3 g4 69. Bd1 Kg5 70. Rh1 Ra7 71. Rg1 g3 72. Be2 Ra2 73. Bd1 g2 74. Bf3 h3 75. Bxg2 Rxg2 76. Rh1 h2 77. Kf3 Rd2 0-1

[Event "Bergisch Gladbach-ch"]
[Site "Bergisch Gladbach"]
[Date "2008.08.15"]
[Round "1"]
[White "Krause, Thomas"]
[Black "Diener, Michael"]
[Result "1-0"]
[WhiteElo "2123"]
[BlackElo "1637"]
[PlyCount "67"]
[EventDate "2008.08.15"]
[EventType "swiss"]
[EventRounds "7"]
[EventCountry "GER"]
[SourceTitle "EXT 2011"]
[Source "ChessBase"]
[SourceDate "2010.11.26"]
[SourceVersion "1"]
[SourceVersionDate "2010.11.26"]
[SourceQuality "1"]

1. Nf3 Nf6 2. c4 Nc6 3. d4 d5 4. cxd5 Qxd5 5. Nc3 Qa5 6. Bd2 e6 7. a3 a6 8. e4 Qb6 9. Bf4 e5 10. Bxe5 Nxe5 11. Nxe5 c6 12. Qd2 Qa5 13. Bc4 Be6 14. 0-0 Rd8 15. Bxe6 fxe6 16. Nc4 Qc7 17. e5 Ng8 18. Ne4 Rd7 19. Ncd6+ Bxd6 20. Nxd6+ Kd8 21. b4 Nh6 22. Rac1 Nf7 23. Nxf7+ Rxf7 24. a4 Qd7 25. b5 Qc8 26. bxc6 bxc6 27. Qb4 Ke8 28. Rc3 Rc7 29. Rfc1 Rf8 30. Qb6 Rff7 31. Rxc6 Kd8 32. d5 exd5 33. e6 Rfe7 34. Rxc7 1-0

[Event "Bergisch Gladbach-ch"]
[Site "Bergisch Gladbach"]
[Date "2007.08.24"]
[Round "1"]
[White "Krause, Thomas"]
[Black "Schulz, Dieter"]
[Result "1-0"]
[WhiteElo "2115"]
[BlackElo "1671"]
[PlyCount "67"]
[EventDate "2007.08.24"]
[EventType "swiss"]
[EventRounds "7"]
[EventCountry "GER"]
[SourceTitle "EXT 2011"]
[Source "ChessBase"]
[SourceDate "2010.11.26"]
[SourceVersion "1"]
[SourceVersionDate "2010.11.26"]
[SourceQuality "1"]

1. d4 g6 2. c4 Bg7 3. Nc3 d6 4. e4 e6 5. Nf3 Ne7 6. Be2 0-0 7. 0-0 Nd7 8. Be3 h6 9. Qd2 Kh7 10. Ne1 a6 11. f4 b6 12. Rf3 f5 13. e5 Bb7 14. Rh3 Rh8 15. Nf3 Kg8 16. Rd1 d5 17. Nh4 Kf7 18. Rc1 Nf8 19. Qd1 Rc8 20. Rg3 Kg8 21. cxd5 exd5 22. Rh3 Ne6 23. g4 g5 24. gxf5 gxh4 25. fxe6 Nf5 26. Bh5 Qe7 27. Bf7+ Kf8 28. Qd3 Nxe3 29. Rxe3 c5 30. Ne2 Rd8 31. Qf5 Bc8 32. dxc5 bxc5 33. Rxc5 Qxc5 34. Bg6+ 1-0

[Event "Bergisch Gladbach-ch"]
[Site "Bergisch Gladbach"]
[Date "2006.09.15"]
[Round "4"]
[White "Krause, Thomas"]
[Black "Wieferig, Wolfgang"]
[Result "0-1"]
[WhiteElo "2099"]
[BlackElo "2244"]
[PlyCount "94"]
[EventDate "2006.08.25"]
[EventType "swiss"]
[EventRounds "7"]
[EventCountry "GER"]
[SourceTitle "EXT 2008"]
[Source "ChessBase"]
[SourceDate "2007.11.25"]
[SourceVersion "1"]
[SourceVersionDate "2007.11.25"]
[SourceQuality "1"]

1. Nf3 d5 2. d4 c5 3. c4 e6 4. cxd5 exd5 5. Nc3 Nc6 6. g3 cxd4 7. Nxd4 Bc5 8. Nxc6 bxc6 9. Bg2 Nf6 10. 0-0 0-0 11. Na4 Bb6 12. Qc2 Ba6 13. Rd1 Re8 14. e3 Rc8 15. b3 Ne4 16. Ba3 Nxf2 17. Nxb6 Nxd1 18. Nxc8 Nxe3 19. Ne7+ Rxe7 20. Bxe7 Nxc2 21. Bxd8 Nxa1 22. Be7 Bd3 23. b4 Bc4 24. Bc5 Bxa2 25. Bxa7 Bc4 26. Bh3 g6 27. Bd7 Bb5 28. Bg4 Nc2 29. Bc5 f5 30. Bd1 Ne1 31. Bd6 Kf7 32. Kf2 Ke6 33. Bf8 Nd3+ 34. Ke3 g5 35. Bc2 Ne5 36. Bd1 f4+ 37. gxf4 gxf4+ 38. Kd4 f3 39. Ke3 Be2 40. Bxe2 d4+ 41. Kf2 fxe2 42. Kxe2 Kd5 43. Bg7 Ke4 44. h3 Nc4 45. Bh6 Kd5 46. Bg7 Nb2 47. Kd2 Kc4 0-1

[Event "Nord West Cup 05th"]
[Site "Bad Zwischenahn"]
[Date "2003.??.??"]
[Round "6"]
[White "Krause, Thomas"]
[Black "Ljubarskij, Jurij"]
[Result "1/2-1/2"]
[WhiteElo "2186"]
[BlackElo "2292"]
[PlyCount "57"]
[EventDate "2003.02.??"]
[EventType "swiss"]
[EventRounds "7"]
[EventCountry "GER"]
[SourceTitle "EXT 2004"]
[Source "ChessBase"]
[SourceDate "2003.11.25"]
[SourceVersion "1"]
[SourceVersionDate "2003.11.25"]
[SourceQuality "1"]

1. Nf3 f5 2. c4 Nf6 3. g3 d6 4. Bg2 e5 5. d3 Be7 6. Nc3 0-0 7. 0-0 Qe8 8. b4 a5 9. b5 Nbd7 10. d4 Qf7 11. dxe5 Nxe5 12. Nxe5 dxe5 13. Nd5 Nxd5 14. Bxd5 Be6 15. Bxb7 Rad8 16. Bd5 Bxd5 17. cxd5 Qxd5 18. Qb3 Qxb3 19. axb3 Bb4 20. Bb2 Rd5 21. Rfc1 Rf7 22. Ba3 Bxa3 23. Rxa3 Rxb5 24. Rca1 Re7 25. Rxa5 Rxb3 26. Rc5 Rb8 27. Raa5 Rbe8 28. Ra7 Rc8 29. Raa5 1/2-1/2

[Event "Nord West Cup 05th"]
[Site "Bad Zwischenahn"]
[Date "2003.??.??"]
[Round "1"]
[White "Lammers, Philipp"]
[Black "Krause, Thomas"]
[Result "0-1"]
[WhiteElo "1657"]
[BlackElo "2186"]
[PlyCount "72"]
[EventDate "2003.02.??"]
[EventType "swiss"]
[EventRounds "7"]
[EventCountry "GER"]
[SourceTitle "EXT 2004"]
[Source "ChessBase"]
[SourceDate "2003.11.25"]
[SourceVersion "1"]
[SourceVersionDate "2003.11.25"]
[SourceQuality "1"]

1. d4 d5 2. c4 c6 3. Nf3 e6 4. e3 Nd7 5. Nc3 Ngf6 6. Bd3 Bd6 7. 0-0 0-0 8. Qe2 dxc4 9. Bxc4 e5 10. dxe5 Nxe5 11. Nxe5 Bxe5 12. f3 Re8 13. e4 Qc7 14. g4 b5 15. Bb3 a5 16. a4 b4 17. Nb1 Ba6 18. Bc4 Bxc4 19. Qxc4 Bxh2+ 20. Kh1 Qg3 21. Qe2 Qh3 22. Qg2 Qxg2+ 23. Kxg2 Be5 24. Nd2 Nd7 25. Nc4 Bc7 26. Be3 Ne5 27. Rac1 Red8 28. Nxe5 Bxe5 29. Bb6 Rdb8 30. Rxc6 Bxb2 31. Rd1 Be5 32. Rd5 f6 33. Rxa5 Rxa5 34. Bxa5 b3 35. Rc1 b2 36. Rb1 Rc8 0-1

[Event "Oberliga Nord W 0203"]
[Site "Germany"]
[Date "2002.11.17"]
[Round "2.7"]
[White "Krause, Thomas"]
[Black "Ebeling, Jens"]
[Result "1/2-1/2"]
[WhiteElo "2186"]
[BlackElo "2128"]
[PlyCount "124"]
[EventDate "2002.10.20"]
[EventType "team-tourn"]
[EventRounds "9"]
[EventCountry "GER"]
[SourceTitle "EXT 2004"]
[Source "ChessBase"]
[SourceDate "2003.11.25"]
[SourceVersion "1"]
[SourceVersionDate "2003.11.25"]
[SourceQuality "1"]
[WhiteTeam "Oldenburg Union"]
[BlackTeam "Braunschweig"]
[WhiteTeamCountry "GER"]
[BlackTeamCountry "GER"]

1. Nf3 Nf6 2. c4 g6 3. g3 Bg7 4. Bg2 0-0 5. 0-0 d6 6. Nc3 e5 7. Rb1 a5 8. a3 Re8 9. d3 Nc6 10. e3 Bf5 11. e4 Bg4 12. h3 Bxf3 13. Bxf3 Nd4 14. Bg2 Nd7 15. b4 c6 16. Ne2 Nxe2+ 17. Qxe2 axb4 18. axb4 Nf8 19. Bb2 Qb6 20. Bc3 Ra3 21. Qb2 Rea8 22. Ra1 Qa7 23. Bf3 h5 24. Qd2 Qb6 25. Qb2 Qa7 26. Rxa3 Qxa3 27. Qc2 Qa4 28. Qd2 Qa2 29. Bb2 Qa7 30. Ra1 Qb8 31. Qc1 Ra7 32. Bd1 Qa8 33. Rxa7 Qxa7 34. Qa1 Qxa1 35. Bxa1 Ne6 36. Bb3 c5 37. Bc3 Kf8 38. Ba4 Ke7 39. Bd1 b6 40. Ba4 Bh6 41. Kf1 Bc1 42. bxc5 bxc5 43. Bc6 Ba3 44. Bd5 Bb4 45. Bb2 Bd2 46. Ke2 Bh6 47. Bxe6 Kxe6 48. Bc3 Bg5 49. f3 h4 50. g4 Bf4 51. Be1 Bg5 52. Ba5 Kd7 53. Be1 Ke6 54. Kd1 Kd7 55. Kc2 Kc6 56. Kb3 Kb6 57. Ka4 Ka6 58. Ba5 Be7 59. Bd2 g5 60. Ba5 Bf6 61. Bc7 Be7 62. Ba5 Bf6 1/2-1/2

[Event "Oberliga Nord W 0203"]
[Site "Germany"]
[Date "2002.10.20"]
[Round "1.7"]
[White "Krause, Thomas"]
[Black "Zschischang, Gunnar"]
[Result "0-1"]
[WhiteElo "2186"]
[BlackElo "2200"]
[PlyCount "55"]
[EventDate "2002.10.20"]
[EventType "team-tourn"]
[EventRounds "9"]
[EventCountry "GER"]
[SourceTitle "EXT 2004"]
[Source "ChessBase"]
[SourceDate "2003.11.25"]
[SourceVersion "1"]
[SourceVersionDate "2003.11.25"]
[SourceQuality "1"]
[WhiteTeam "Oldenburg Union"]
[BlackTeam "Jever"]
[WhiteTeamCountry "GER"]
[BlackTeamCountry "GER"]

1. Nf3 c5 2. c4 Nc6 3. Nc3 e5 4. g3 g6 5. Bg2 Bg7 6. 0-0 Nge7 7. d3 0-0 8. Rb1 d6 9. a3 f5 10. e3 h6 11. Nd2 f4 12. Nde4 g5 13. b4 cxb4 14. axb4 Nf5 15. c5 Nce7 16. Nb5 d5 17. Ned6 a6 18. Nxc8 Rxc8 19. Nc3 Kh8 20. e4 Nd4 21. exd5 f3 22. Bh3 Nxd5 23. Nxd5 Qxd5 24. Be3 Ne2+ 25. Kh1 Rcd8 26. Rb3 e4 27. b5 axb5 28. Qd2 0-1

[Event "BL2-Nord 0102"]
[Site "Germany"]
[Date "2002.04.28"]
[Round "9.7"]
[White "Krause, Thomas"]
[Black "Homuth, Wolfgang"]
[Result "0-1"]
[WhiteElo "2186"]
[BlackElo "2141"]
[PlyCount "44"]
[EventDate "2001.10.07"]
[EventType "team-tourn"]
[EventRounds "9"]
[EventCountry "GER"]
[SourceTitle "CBM 088 Extra"]
[Source "ChessBase"]
[SourceDate "2002.07.01"]
[SourceVersion "2"]
[SourceVersionDate "2002.07.01"]
[SourceQuality "1"]
[WhiteTeam "Oldenburg Union"]
[BlackTeam "Delmenhorst"]
[WhiteTeamCountry "GER"]
[BlackTeamCountry "GER"]

1. Nf3 d6 2. c4 e5 3. Nc3 f5 4. d3 Nf6 5. g3 Be7 6. Bg2 0-0 7. 0-0 Qe8 8. Rb1 Qh5 9. b4 Nc6 10. b5 Nd8 11. Ne1 f4 12. e3 Bg4 13. f3 fxg3 14. hxg3 Be6 15. Nc2 Nf7 16. Nb4 Ng5 17. Nbd5 Bd8 18. e4 c6 19. Nxf6+ Rxf6 20. Be3 Ba5 21. f4 Nh3+ 22. Kh2 Bg4 0-1

[Event "BL2-Nord 0102"]
[Site "Germany"]
[Date "2002.02.24"]
[Round "6.7"]
[White "Rahls, Peter"]
[Black "Krause, Thomas"]
[Result "1-0"]
[WhiteElo "2320"]
[BlackElo "2186"]
[PlyCount "57"]
[EventDate "2001.10.07"]
[EventType "team-tourn"]
[EventRounds "9"]
[EventCountry "GER"]
[SourceTitle "CBM 088 Extra"]
[Source "ChessBase"]
[SourceDate "2002.07.01"]
[SourceVersion "2"]
[SourceVersionDate "2002.07.01"]
[SourceQuality "1"]
[WhiteTeam "Zehlendorf"]
[BlackTeam "Oldenburg Union"]
[WhiteTeamCountry "GER"]
[BlackTeamCountry "GER"]

1. e4 d5 2. exd5 Qxd5 3. Nc3 Qa5 4. d4 c6 5. Nf3 Nf6 6. Bc4 Bf5 7. Qe2 e6 8. Bd2 Nbd7 9. d5 cxd5 10. Nxd5 Qd8 11. Nxf6+ Qxf6 12. 0-0-0 Bg4 13. Bb5 Rd8 14. Bc3 Qf4+ 15. Kb1 Bxf3 16. gxf3 a6 17. Bxd7+ Rxd7 18. Rxd7 Kxd7 19. Rd1+ Ke8 20. Be5 Qa4 21. Qd3 f6 22. Qd8+ Kf7 23. Rd7+ Kg6 24. Qe8+ Kf5 25. Bxf6 Be7 26. Qxe7 gxf6 27. Qg7 Qc4 28. Rd1 Qe2 29. Qg4+ 1-0

[Event "BL2-Nord 0102"]
[Site "Germany"]
[Date "2001.11.11"]
[Round "2.7"]
[White "Mossakowski, Florian"]
[Black "Krause, Thomas"]
[Result "1-0"]
[WhiteElo "2308"]
[BlackElo "2186"]
[PlyCount "63"]
[EventDate "2001.10.07"]
[EventType "team-tourn"]
[EventRounds "9"]
[EventCountry "GER"]
[SourceTitle "CBM 088 Extra"]
[Source "ChessBase"]
[SourceDate "2002.07.01"]
[SourceVersion "2"]
[SourceVersionDate "2002.07.01"]
[SourceQuality "1"]
[WhiteTeam "Bremer SG"]
[BlackTeam "Oldenburg Union"]
[WhiteTeamCountry "GER"]
[BlackTeamCountry "GER"]

1. e4 d5 2. exd5 Qxd5 3. Nc3 Qa5 4. d4 c6 5. Nf3 Nf6 6. Bd2 Bf5 7. Bc4 e6 8. Qe2 Bb4 9. Ne5 Nbd7 10. Nxd7 Nxd7 11. a3 0-0-0 12. 0-0-0 Bxc3 13. Bxc3 Qc7 14. g3 Nf6 15. f3 h5 16. Qf2 h4 17. Bd2 hxg3 18. hxg3 Nd5 19. Ba2 b5 20. Rhe1 Rh3 21. Bxd5 cxd5 22. Bf4 Qc4 23. Re3 Qa2 24. g4 Bg6 25. Rc3+ Kb7 26. Qf1 Qa1+ 27. Kd2 Qxb2 28. Qxh3 Rc8 29. Rxc8 Kxc8 30. Ke1 Bxc2 31. Qg2 Kd7 32. Qd2 1-0

[Event "Oberliga Nord W 0001"]
[Site "Germany"]
[Date "2001.02.18"]
[Round "6.6"]
[White "Meyer, Guido"]
[Black "Krause, Thomas"]
[Result "1/2-1/2"]
[WhiteElo "2092"]
[BlackElo "2184"]
[PlyCount "80"]
[EventDate "2000.10.15"]
[EventType "team-tourn"]
[EventRounds "9"]
[EventCountry "GER"]
[SourceTitle "EXT 2003"]
[Source "ChessBase"]
[SourceDate "2002.11.25"]
[SourceVersion "1"]
[SourceVersionDate "2002.11.25"]
[SourceQuality "1"]
[WhiteTeam "Tura Melle"]
[BlackTeam "Oldenburg Union"]
[WhiteTeamCountry "GER"]
[BlackTeamCountry "GER"]

1. Nf3 c5 2. c3 b6 3. d4 Nf6 4. Bf4 Bb7 5. e3 g6 6. Bxb8 Qxb8 7. Nbd2 Bg7 8. Bd3 0-0 9. 0-0 Qc7 10. Re1 Rac8 11. a4 d5 12. Qe2 Rfd8 13. Ra3 Nd7 14. Bb5 e5 15. Bxd7 Rxd7 16. Nxe5 Bxe5 17. dxe5 Qxe5 18. Nf3 Qf6 19. Rd1 Rcd8 20. h3 a5 21. Rd2 Bc6 22. Ra1 Qe7 23. b3 Qf6 24. Re1 Re8 25. Nh2 h5 26. Qf3 Qg5 27. Nf1 Bb7 28. Qg3 Qf6 29. Nh2 Red8 30. Nf3 Kg7 31. Qe5 Qxe5 32. Nxe5 Re7 33. Nf3 Rde8 34. Red1 f6 35. Kh2 g5 36. Ng1 h4 37. Ne2 Kh6 38. Ng1 Re4 39. Nf3 R4e7 40. Rb2 Bc6 1/2-1/2

[Event "Nord West Cup 3rd"]
[Site "Oldenburg"]
[Date "2001.02.04"]
[Round "7"]
[White "Maschler, Andreas"]
[Black "Krause, Thomas"]
[Result "1/2-1/2"]
[WhiteElo "1910"]
[BlackElo "2184"]
[PlyCount "34"]
[EventDate "2001.02.01"]
[EventType "swiss"]
[EventRounds "7"]
[EventCountry "GER"]
[SourceTitle "EXT 2002"]
[Source "ChessBase"]
[SourceDate "2001.11.25"]
[SourceVersion "1"]
[SourceVersionDate "2001.11.25"]
[SourceQuality "1"]

1. d4 d5 2. c4 c6 3. Nf3 Nf6 4. cxd5 cxd5 5. Nc3 Nc6 6. Bf4 e6 7. e3 a6 8. a3 Be7 9. Bd3 0-0 10. 0-0 Bd7 11. Rc1 Rc8 12. Bb1 Na5 13. Ne5 Nc4 14. Qc2 g6 15. Nxc4 Rxc4 16. Qe2 Qc8 17. Bd3 Rc6 1/2-1/2

[Event "Oberliga Nord W 0001"]
[Site "Germany"]
[Date "2001.01.07"]
[Round "4.6"]
[White "Margraf, Daniel"]
[Black "Krause, Thomas"]
[Result "0-1"]
[WhiteElo "2011"]
[BlackElo "2184"]
[PlyCount "54"]
[EventDate "2000.10.15"]
[EventType "team-tourn"]
[EventRounds "9"]
[EventCountry "GER"]
[SourceTitle "EXT 2003"]
[Source "ChessBase"]
[SourceDate "2002.11.25"]
[SourceVersion "1"]
[SourceVersionDate "2002.11.25"]
[SourceQuality "1"]
[WhiteTeam "Delmenhorst II"]
[BlackTeam "Oldenburg Union"]
[WhiteTeamCountry "GER"]
[BlackTeamCountry "GER"]

1. e4 d5 2. exd5 Qxd5 3. Nc3 Qa5 4. d4 c6 5. Nf3 Nf6 6. Be2 Bf5 7. 0-0 Nbd7 8. Bf4 e6 9. Nh4 Bg6 10. Nxg6 hxg6 11. Qd3 0-0-0 12. Bg3 Nh5 13. Bxh5 Qxh5 14. Rfe1 g5 15. Nb5 cxb5 16. Qc3+ Nc5 17. dxc5 f5 18. Be5 Rd5 19. c6 b6 20. a4 b4 21. Qc4 Rxe5 22. Qa6+ Kd8 23. Red1+ Rd5 24. Rxd5+ exd5 25. Qxa7 Qxh2+ 26. Kf1 Qc7 27. Qa8+ Qc8 0-1

[Event "Dortmund op-A"]
[Site "Dortmund"]
[Date "2001.??.??"]
[Round "3"]
[White "Kercher, Peter"]
[Black "Krause, Thomas"]
[Result "1/2-1/2"]
[WhiteElo "2160"]
[BlackElo "2184"]
[PlyCount "39"]
[EventDate "2001.07.12"]
[EventType "swiss"]
[EventRounds "11"]
[EventCountry "GER"]
[SourceTitle "EXT 2002"]
[Source "ChessBase"]
[SourceDate "2001.11.25"]
[SourceVersion "1"]
[SourceVersionDate "2001.11.25"]
[SourceQuality "1"]

1. e4 c5 2. Nf3 a6 3. c3 g6 4. d4 cxd4 5. cxd4 Bg7 6. Nc3 e6 7. Be2 Ne7 8. 0-0 d5 9. e5 Nbc6 10. Bf4 0-0 11. Qd2 f6 12. exf6 Bxf6 13. Bh6 Re8 14. g4 Bd7 15. Rfe1 Nc8 16. h3 Nd6 17. b3 b5 18. Bf4 Nf7 19. Bf1 Qa5 20. a4 1/2-1/2

[Event "Dortmund op-A"]
[Site "Dortmund"]
[Date "2001.??.??"]
[Round "10"]
[White "Krause, Thomas"]
[Black "Schlawin, Marlon"]
[Result "1-0"]
[WhiteElo "2184"]
[BlackElo "2188"]
[PlyCount "71"]
[EventDate "2001.07.12"]
[EventType "swiss"]
[EventRounds "11"]
[EventCountry "GER"]
[SourceTitle "EXT 2002"]
[Source "ChessBase"]
[SourceDate "2001.11.25"]
[SourceVersion "1"]
[SourceVersionDate "2001.11.25"]
[SourceQuality "1"]

1. d4 Nf6 2. c4 g6 3. Nc3 Bg7 4. e4 d6 5. f3 0-0 6. Be3 c6 7. Qd2 a6 8. Bd3 b5 9. Nge2 Nbd7 10. 0-0 e5 11. cxb5 axb5 12. b4 Nb6 13. Rfd1 Rb8 14. dxe5 dxe5 15. Qc2 Nfd7 16. Rd2 Qe7 17. a3 Re8 18. Rad1 Nf8 19. Nb1 Bd7 20. Nc1 Be6 21. Nb3 Nc4 22. Bxc4 Bxc4 23. Na5 Rec8 24. Nxc4 bxc4 25. Qxc4 Ne6 26. Rd6 Qb7 27. Rc1 c5 28. bxc5 Qa7 29. Ra6 Qb7 30. c6 Qb2 31. Nd2 Nd4 32. Rb1 Qc2 33. Qxc2 Nxc2 34. Rxb8 Rxb8 35. c7 Rc8 36. Rb6 1-0

[Event "Dortmund op-A"]
[Site "Dortmund"]
[Date "2001.??.??"]
[Round "1"]
[White "Langer, Christian"]
[Black "Krause, Thomas"]
[Result "1/2-1/2"]
[WhiteElo "2216"]
[BlackElo "2184"]
[PlyCount "91"]
[EventDate "2001.07.12"]
[EventType "swiss"]
[EventRounds "11"]
[EventCountry "GER"]
[SourceTitle "EXT 2002"]
[Source "ChessBase"]
[SourceDate "2001.11.25"]
[SourceVersion "1"]
[SourceVersionDate "2001.11.25"]
[SourceQuality "1"]

1. e4 d5 2. exd5 Qxd5 3. Nc3 Qa5 4. d4 c6 5. Bc4 Bf5 6. Nf3 Nf6 7. Bd2 Qc7 8. Ne5 e6 9. Qe2 Bd6 10. 0-0-0 b5 11. Bb3 a5 12. g4 Nxg4 13. Nxg4 a4 14. Bd5 cxd5 15. Ne3 Bg6 16. Nexd5 Qc6 17. Nf4 b4 18. Nxg6 a3 19. b3 bxc3 20. Nxh8 cxd2+ 21. Qxd2 Nd7 22. c4 Qf3 23. Kb1 Rb8 24. Qc2 Nf6 25. Rhe1 Kf8 26. c5 Bxh2 27. Rd3 Qd5 28. Qe2 Kg8 29. Nxf7 Kxf7 30. Qf3 Bc7 31. Qxd5 Nxd5 32. Rh1 h6 33. Rf3+ Kg8 34. Rg1 Rb4 35. Rd3 Nf4 36. Rd2 g5 37. Re1 Kf7 38. Rh1 h5 39. Kc2 Kg6 40. Rg1 Rb8 41. f3 h4 42. Rh1 h3 43. Rdh2 Kh5 44. Rxh3+ Nxh3 45. Rxh3+ Kg6 46. Kd3 1/2-1/2